Guess the Random Waterparks Song #7 - Statistics

General Stats
  • This quiz has been taken 53 times
  • The average score is 116 of 272
Answer Stats
Answer % Correct
I
94%
I,
94%
you
94%
A
89%
a
89%
"B"
89%
"C"
83%
And
69%
and
69%
me
69%
the
69%
The
69%
in
66%
What
63%
when
63%
do
60%
do?
60%
it
60%
It
60%
So
60%
My
57%
my
57%
to
57%
You're
54%
you're
54%
Can't
51%
can't
51%
I'm
51%
of
51%
But
49%
like
49%
Like
49%
on
49%
I'll
46%
not
46%
yeah,
46%
for
43%
that
43%
that,
43%
all
40%
It's
40%
it's
40%
one
40%
One
40%
time
40%
want
40%
know
37%
now
37%
stop
37%
from
34%
From
34%
just
34%
live
34%
make
34%
out
34%
this
34%
don't
31%
get
31%
they
31%
watch
31%
double
29%
eyes
29%
favorite
29%
favorite,
29%
right
29%
take
29%
between
26%
Drop
26%
feeling
26%
few
26%
headache
26%
hours
26%
lives
26%
more
26%
stuck
26%
telescope
26%
will
26%
with
26%
you'd
26%
about
23%
cool
23%
lose
23%
nothing,
23%
outer
23%
than
23%
blame
20%
even
20%
fun
20%
hold
20%
off
20%
plan
20%
show
20%
sight
20%
small
20%
space
20%
street
20%
things
20%
wanna
20%
As
17%
barely
17%
better
17%
come
17%
daily
17%
far
17%
fault
17%
frustrated
17%
glimpse
17%
home
17%
looks
17%
momentary
17%
them
17%
always
14%
crash
14%
hostage
14%
landing
14%
sorry
14%
swear
14%
times
14%
while
14%
bear
11%
find
11%
handy
11%
other
11%
playing
11%
team
11%
until
11%
escape
9%
seems
9%
No matching quizzes found
Score Distribution
Percent of People with Each Score
Percentile by Number Answered
Your Score History
You have not taken this quiz